المدينة الإسلامية / (رقم التسجيلة. 10556)
[ عرض عادي ]
| 000 -LEADER | |
|---|---|
| fixed length control field | 00587nam a22001817a 4500 |
| 005 - DATE AND TIME OF LATEST TRANSACTION | |
| control field | 20251108164354.0 |
| 008 - FIXED-LENGTH DATA ELEMENTS--GENERAL INFORMATION | |
| fixed length control field | 250721s1988 xx 000 0 ara d |
| 082 14 - DEWEY DECIMAL CLASSIFICATION NUMBER | |
| Classification number | 711.40956/عثم |
| 100 1# - MAIN ENTRY--PERSONAL NAME | |
| Personal name | عثمان، محمد عبد الستار |
| 245 10 - TITLE STATEMENT | |
| Title | المدينة الإسلامية / |
| 264 1# - PRODUCTION, PUBLICATION, DISTRIBUTION, MANUFACTURE, AND COPYRIGHT NOTICE | |
| Place of production, publication, distribution, manufacture | الكويت : |
| Name of producer, publisher, distributor, manufacturer | المجلس الوطني للثقافه و الفنون و الأداب، |
| Date of production, publication, distribution, manufacture, or copyright notice | 1988. |
| 300 ## - PHYSICAL DESCRIPTION | |
| Extent | 415ص |
| 490 0# - SERIES STATEMENT | |
| Series statement | عالم المعرفه |
| 650 17 - SUBJECT ADDED ENTRY--TOPICAL TERM | |
| Topical term or geographic name as entry element | تخطيط المدن |
| 650 17 - SUBJECT ADDED ENTRY--TOPICAL TERM | |
| Topical term or geographic name as entry element | البلدان العربية |
| 942 ## - ADDED ENTRY ELEMENTS (KOHA) | |
| Source of classification or shelving scheme | Dewey Decimal Classification |
| Koha item type | كتب |
| حالة السحب | حالة الفقدان | مصدر التصنيف | حالة التلف | غير قابل للإعارة | المكتبة الرئيسية | المكتبة الحالية | موقع الرف | تاريخ التزويد | الرقم المتسلسل | Total Checkouts | رقم الإستدعاء | الباركود | تاريخ آخر ظهور | تاريخ الفاتورة | نوع المادة (كوها) |
|---|---|---|---|---|---|---|---|---|---|---|---|---|---|---|---|
| Dewey Decimal Classification | مكتبة النصر العامة | مكتبة النصر العامة | الإعارة | 17/02/2015 | (2131) | 711.40956/عثم | PLD00316716 | 28/07/2025 | 17/02/2015 | كتب | |||||
| Dewey Decimal Classification | مكتبة وادي السير العامة | مكتبة وادي السير العامة | الإعارة | 03/03/2016 | [528].... | 711.40956/عثم | PLD00377773 | 28/07/2025 | 03/03/2016 | كتب |